00693nam a2200181Ia 4500008004100000020001800041041000800059082001700067100002200084245009600106260001800202300000900220365001600229700002600245906005400271999001900325952016700344230718s9999 xx 000 0 und d a9788131790472 aeng a372.126bTHO aThorpe E.9108756 aThe Pearson General Studies (Paper- I) 2014bFor The Civil Services Preliminary Examination c2014bPearson a1503 cRs.b750.00 aThorpe E. & Thorpe S. dO:0391809-Jun-2014B:64724-Apr-2014cGENRLb260.25 c336366d336366 00104070aCCEPbCCEPd2014-06-09eVaibhav Book HousefGENRLg489.75i647l0o372.126pCCEP-BK-47573r2023-07-18 00:00:00t260.25v750.00w2014-04-24yBKz047573